000
00233nam a2200109Ia 4500
999
_c
5827
_d
5827
020
_a
978-0070099197
100
_a
Robert C. Atkins
245
0
_a
Organic Chemistry
260
_a
Karachi
_b
Abrar Sons
_c
2000
300
_a
495
942
_c
BK